000 01409nam a2200253 a 4500
001 BS0003345
003 BR-BrBNA
005 20231109123435.0
008 230308b |||||||| |||| 00| 0 por d
040 _aBR-BrBNA
_bpor
_cBiblioteca Nacional de Agricultura
041 _apor
072 _aS91
090 _aS91
_bBS0003345
100 1 _aSierra, Javier
245 1 _aA ceia secreta /
250 1 _as. ed.
260 3 _aSão Paulo, SP:
_bPlaneta,
_c2014.
300 _a319 p.
500 _aTitulo Original: La cena secreta. Tradução de Sandra Martha Donlinsky.
520 3 _aJaneiro de 1497. Durante semanas, uma série de cartas anônimas enviadas à corte do papa Alexandre VI adverte que em Milão o controvertido Leonardo da Vinci está executando uma obra diabólica: um mural da Última Ceia, no qual não só pintou os apóstolos sem seu preceptivo halo de santidade, como também o próprio artista se retratou entre eles, dando as costas a Jesus Cristo. Frei Agustín Leyre, inquisidor dominicano especialista na interpretação de mensagens cifradas, é enviado à corte dos Sforza para supervisionar essa pintura e tentar decifrar o segredo que protege a identidade do remetente das cartas. Será que a revelação deste mistério conseguirá mudar nossa forma de ver a pintura do gênio do Renascimento?
650 _aLITERATURA
650 _aLITERATURA ESPANHOLA
942 _cBK
_2AGRIS
999 _c8408
_d8408